Origen y evolución del control de convencionalidad : (Registro nro. 6106)
[ vista simple ]
| 000 -LEADER | |
|---|---|
| fixed length control field | 01505nabaa22001937a 4500 |
| 003 - CONTROL NUMBER IDENTIFIER | |
| control field | OSt |
| 005 - DATE AND TIME OF LATEST TRANSACTION | |
| control field | 20260122090000.0 |
| 008 - FIXED-LENGTH DATA ELEMENTS--GENERAL INFORMATION | |
| fixed length control field | 190701b xxu||||| |||| 00| 0 spa d |
| 040 ## - CATALOGING SOURCE | |
| Transcribing agency | PJ |
| 100 ## - MAIN ENTRY--PERSONAL NAME | |
| 9 (RLIN) | 6875 |
| Personal name | Quirós, César Ezequiel |
| 245 10 - TITLE STATEMENT | |
| Title | Origen y evolución del control de convencionalidad : |
| Remainder of title | ¿qué ocurrió en los casos señeros? Principales diferencias con el control de constitucionalidad argentino / |
| Statement of responsibility, etc | César Ezequiel Quirós. |
| 300 ## - PHYSICAL DESCRIPTION | |
| Extent | p. 120-133 |
| 505 ## - FORMATTED CONTENTS NOTE | |
| Formatted contents note | Sumario: umario: I. Introducción.— II. ¿Qué es el control de convencionalidad?— III. El germen del control de convencionalidad en los casos “Myrna Mack Chang” y “Tibi”.— IV. La consolidación del control de convencionalidad en “Almonacid Arellano” y “Trabajadores Cesados del Congreso”.— V. La expansión de los legitimados y obligados a realizar el control de convencionalidad, los casos “Cabrera García y Montiel Flores”, “Gelman vs. Uruguay” y “Masacre de Santo Domingo”.— VI. El control de constitucionalidad argentino y sus diferencias con el control de convencionalidad.— VII. Conclusión.— VIII. Bibliografía complementaria. |
| 505 ## - FORMATTED CONTENTS NOTE | |
| Title | ¿Te interesa el texto completo? Comunicate al correo: koha@justierradelfuego.gov.ar<br/> |
| 650 #0 - SUBJECT ADDED ENTRY--TOPICAL TERM | |
| 9 (RLIN) | 211 |
| Topical term or geographic name as entry element | DERECHO ADMINISTRATIVO |
| 650 #0 - SUBJECT ADDED ENTRY--TOPICAL TERM | |
| 9 (RLIN) | 6132 |
| Topical term or geographic name as entry element | CONTROL DE CONVENCIONALIDAD |
| 773 0# - HOST ITEM ENTRY | |
| Host Biblionumber | 2842 |
| Host Itemnumber | 3251 |
| Place, publisher, and date of publication | Buenos Aires : AbeledoPerrot, 2012- |
| Other item identifier | DA121 |
| Title | Derecho administrativo. Nº 145 enero/febrero 2023 |
| International Standard Book Number | 18510590 |
| 942 ## - ADDED ENTRY ELEMENTS (KOHA) | |
| Source of classification or shelving scheme | |
| Koha item type | Analítica Artículo de Revista |
No hay ítems disponibles.
